[Event "Kieler Open 2019-A"]
[Site "Kiel"]
[Date "2019.07.27"]
[Round "2.8"]
[White "Kröncke, Manfred"]
[Black "Schulze, Lara"]
[Result "1-0"]
[WhiteElo "2047"]
[BlackElo "2253"]
[Annotator "PS"]
[PlyCount "113"]
[EventDate "2019.??.??"]
[WhiteTeam "SG Glückstadt von 1920"]
[BlackTeam "SK Lehrte von 1919"]

1. e4 e6 2. d4 d5 3. exd5 exd5 4. Qf3 Nf6 5. h3 c5 6. c3 Nc6 7. Bb5 Qb6 8. Qe2+
Be6 9. Nf3 Be7 10. O-O O-O 11. Ng5 cxd4 12. Nxe6 fxe6 13. Qxe6+ Rf7 14. Bxc6
bxc6 15. cxd4 Qxd4 16. Qxc6 Raf8 17. Be3 Qxb2 18. Nc3 Rd8 19. Rab1 Qc2 20. Rbc1
Qf5 21. Ne2 Bd6 22. Nd4 Qh5 23. Nb5 Bb8 24. Qe6 Ne4 25. Nxa7 Bxa7 26. Bxa7 Ng5
27. Qe3 Ra8 28. Bd4 Rff8 29. Qe5 Qg6 30. Kh2 Rf5 31. Qg3 Ne6 32. Qe3 Rxa2 33.
Rc6 Kf7 34. g4 Nxd4 35. Rc7+ Kg8 36. gxf5 Qd6+ 37. Qg3 Qxg3+ 38. Kxg3 Nxf5+ 39.
Kf4 g6 40. Ke5 d4 41. Rb1 Ra8 42. Rbb7 h6 43. Rb6 Nh4 44. Rbb7 Nf5 45. Rd7 Ra5+
46. Ke4 Ra8 47. Rb6 Re8+ 48. Kf4 Ne7 49. Kg4 Kf7 50. Rxd4 Ra8 51. Rb7 Kf6 52.
Rd6+ Ke5 53. Rdb6 Re8 54. f4+ Kd5 55. Rd7+ Kc5 56. Re6 Ng8 57. Rxg6 1-0

[Event "Kieler Open 2019-A"]
[Site "Kiel"]
[Date "2019.07.27"]
[Round "2.9"]
[White "Köllner, Aaron Noah"]
[Black "Latzke, Boris"]
[Result "0-1"]
[WhiteElo "2044"]
[BlackElo "2212"]
[Annotator "PS"]
[PlyCount "110"]
[EventDate "2019.??.??"]
[WhiteTeam "SG Bochum 1931"]
[BlackTeam "SK Bebenhausen"]

1. d4 Nf6 2. Bg5 Ne4 3. Bf4 d5 4. e3 Bf5 5. f3 Nf6 6. g4 Bg6 7. h4 h6 8. Nc3 e6
9. Bd3 Bxd3 10. Qxd3 Nc6 11. O-O-O Bd6 12. Nh3 Qd7 13. g5 Nh5 14. Bxd6 Qxd6 15.
g6 f6 16. e4 O-O-O 17. Qe3 Rhe8 18. Kb1 Qb4 19. exd5 exd5 20. Qd3 Ne7 21. Rhe1
Qc4 22. Qd2 Qc6 23. Qg2 f5 24. Rg1 Rd6 25. Ne2 Nxg6 26. Rde1 Rde6 27. Qf2 Qd7
28. Ng3 Nxg3 29. Rxe6 Rxe6 30. Qxg3 Qe7 31. h5 Qh4 32. Qxh4 Nxh4 33. Nf4 Nxf3
34. Nxe6 Nxg1 35. Kc1 Ne2+ 36. Kd2 Ng3 37. Nxg7 f4 38. Ke1 Kd7 39. Kf2 Ke7 40.
Kf3 Kf7 41. Kxf4 Ne2+ 42. Ke3 Kxg7 43. Kxe2 Kf6 44. Ke3 Kg5 45. a4 Kxh5 46. Kf4
Kg6 47. Ke5 h5 48. Ke6 h4 49. Kd7 h3 50. Kxc7 h2 51. Kxb7 h1=Q 52. Kxa7 Qa1 53.
b3 Qxd4+ 54. Ka6 Qb4 55. a5 d4 0-1

[Event "Kieler Open 2019-A"]
[Site "Kiel"]
[Date "2019.07.27"]
[Round "2.10"]
[White "Callsen, Niklas"]
[Black "Kaulich, Philipp Theodor"]
[Result "1-0"]
[WhiteElo "2033"]
[BlackElo "2177"]
[Annotator "PS"]
[PlyCount "77"]
[EventDate "2019.??.??"]
[WhiteTeam "Flensburger SK von 1876"]
[BlackTeam "Kieler SG"]

1. e4 c5 2. Nf3 g6 3. d4 cxd4 4. Qxd4 Nf6 5. e5 Nc6 6. Qa4 Nd5 7. Qe4 Nc7 8.
Nc3 Bg7 9. h4 h5 10. Bc4 b5 11. Nxb5 Nxb5 12. Qd5 O-O 13. Bxb5 Qc7 14. Bf4 Rb8
15. c3 Bb7 16. Ba4 Nxe5 17. Bxe5 d6 18. Qd2 dxe5 19. Bb3 Bxf3 20. gxf3 Kh7 21.
Rg1 Qc6 22. Qe3 a5 23. Qe4 Qb6 24. Rd1 e6 25. Rd7 Rbe8 26. Bc2 Qxb2 27. Rxg6
Qc1+ 28. Rd1 Qxd1+ 29. Kxd1 f5 30. Rxg7+ Kxg7 31. Qxe5+ Kf7 32. Ba4 Rd8+ 33.
Kc2 Rd5 34. Qc7+ Kf6 35. Bb3 Re5 36. Qd6 Rc8 37. Qd4 f4 38. Qxf4+ Rf5 39. Qh6+
1-0

[Event "Kieler Open 2019-A"]
[Site "Kiel"]
[Date "2019.07.27"]
[Round "2.11"]
[White "Bernhardt, Gerd"]
[Black "Petri, Alexander"]
[Result "0-1"]
[WhiteElo "2005"]
[BlackElo "2146"]
[Annotator "PS"]
[PlyCount "63"]
[EventDate "2019.??.??"]
[WhiteTeam "Eckernförder SC"]
[BlackTeam "SK Doppelbauer Kiel"]

1. e4 c6 2. d4 d5 3. e5 c5 4. c3 Nc6 5. Nf3 Bg4 6. dxc5 e6 7. Bf4 Bxc5 8. b4
Bb6 9. Bb5 Nge7 10. O-O O-O 11. Nbd2 d4 12. h3 Bxf3 13. Nxf3 dxc3 14. Qb3 Rc8
15. Rad1 Nd5 16. a3 Qc7 17. Bg3 Nce7 18. Qc2 Nf5 19. Rxd5 Nxg3 20. Rd7 Qb8 21.
Ng5 g6 22. Re1 Nf5 23. Qc1 Rfd8 24. Rxf7 h6 25. Rxf5 exf5 26. Nf3 c2 27. Qxh6
Qc7 28. Qxg6+ Qg7 29. Qe6+ Qf7 30. Qxf7+ Kxf7 31. e6+ Ke7 32. Ne5 0-1

[Event "Kieler Open 2019-A"]
[Site "Kiel"]
[Date "2019.07.27"]
[Round "2.12"]
[White "Horn, Peter"]
[Black "Großelohmann, Gerhard"]
[Result "1-0"]
[WhiteElo "2137"]
[BlackElo "1999"]
[Annotator "PS"]
[PlyCount "107"]
[EventDate "2019.??.??"]
[WhiteTeam "SC Concordia SAbt Palame"]
[BlackTeam "Königsspr Braunschweig"]

1. c4 c5 2. Nf3 g6 3. d4 cxd4 4. Nxd4 Bg7 5. e4 Nc6 6. Be3 d6 7. Nc3 Nf6 8. Be2
Bd7 9. Nc2 Rc8 10. O-O O-O 11. f3 Qa5 12. Qd2 Rfd8 13. Rac1 Ne5 14. b3 a6 15.
Rfd1 Be8 16. Bf1 Rb8 17. Nd4 Nc6 18. Qf2 Nxd4 19. Bxd4 b5 20. Bxf6 exf6 21. Nd5
Rd7 22. Rc2 b4 23. c5 dxc5 24. Rxc5 Qa3 25. Rdc1 Rbd8 26. R1c2 f5 27. Bc4 fxe4
28. fxe4 h6 29. g3 Kh8 30. Kg2 Rd6 31. Rc7 Qa5 32. Qa7 R6d7 33. Rxd7 Rxd7 34.
Qb8 Rd8 35. Qxb4 Qxb4 36. Nxb4 a5 37. Nd3 Bc6 38. Kf3 f5 39. Nf2 Bd4 40. Bf7
Bxe4+ 41. Nxe4 fxe4+ 42. Kxe4 Rd6 43. Rc7 Bg1 44. Ke5 Rb6 45. Rc2 Kg7 46. Bd5
Be3 47. h4 Kf8 48. Be6 g5 49. h5 Ke7 50. Rc7+ Kf8 51. Rd7 Rb5+ 52. Kf6 Ke8 53.
Rd3 Bb6 54. Bd7+ 1-0

[Event "Kieler Open 2019-A"]
[Site "Kiel"]
[Date "2019.07.27"]
[Round "2.13"]
[White "Probst, Alexander"]
[Black "Rendboe, John Filip"]
[Result "1/2-1/2"]
[WhiteElo "1969"]
[BlackElo "2136"]
[Annotator "PS"]
[PlyCount "64"]
[EventDate "2019.??.??"]
[WhiteTeam "SC Blauer Turm Bad Wimpfen"]

1. e4 c5 2. Nf3 Nc6 3. Bb5 g6 4. O-O Bg7 5. Nc3 Nd4 6. Bc4 d6 7. Nxd4 cxd4 8.
Qf3 Nf6 9. Nd5 Nxd5 10. exd5 O-O 11. d3 Bd7 12. a4 a6 13. a5 b5 14. axb6 Qxb6
15. Bg5 Rfe8 16. Bb3 a5 17. Ra2 a4 18. Rfa1 Rac8 19. Bc4 Bb5 20. b3 Bxc4 21.
bxc4 Ra8 22. Qd1 Qa7 23. Rxa4 Qxa4 24. Rxa4 Rxa4 25. g3 h6 26. Bf4 Ra2 27. Qe2
Kf8 28. h4 h5 29. Qd2 Kg8 30. Qe2 Raa8 31. Qd2 Ra2 32. Qe2 Raa8 1/2-1/2

[Event "Kieler Open 2019-A"]
[Site "Kiel"]
[Date "2019.07.27"]
[Round "2.14"]
[White "Saglam, Bülent"]
[Black "Mieck, Jale"]
[Result "1/2-1/2"]
[WhiteElo "2125"]
[BlackElo "1964"]
[Annotator "PS"]
[PlyCount "92"]
[EventDate "2019.??.??"]
[WhiteTeam "SK Doppelbauer Kiel"]

1. c4 Nc6 2. d4 e5 3. dxe5 Nxe5 4. e4 Bc5 5. Nc3 d6 6. Qc2 Nf6 7. Bg5 h6 8. Bh4
Ng6 9. Bg3 Nh5 10. Be2 Nxg3 11. hxg3 O-O 12. Rh5 Qf6 13. Bf3 c6 14. Na4 Bd4 15.
Ne2 Be5 16. Nac3 Be6 17. b3 b5 18. cxb5 cxb5 19. Rc1 Bxc3+ 20. Qxc3 Ne5 21. Qe3
Rac8 22. Rd1 Rc2 23. Rxd6 Rxa2 24. Nd4 Qe7 25. Nxb5 Nxf3+ 26. gxf3 a6 27. Qa7
Qf6 28. Nd4 Rc8 29. Rc5 Rd8 30. e5 Ra1+ 31. Ke2 Qg5 32. Nxe6 fxe6 33. f4 Qh5+
34. f3 Rf8 35. Rc2 Qh1 36. Qf2 Qb1 37. Rcd2 Qxb3 38. Qb6 Qc4+ 39. R6d3 a5 40.
Qb2 Rh1 41. Qb3 Rh2+ 42. Kd1 Rh1+ 43. Ke2 Rh2+ 44. Kd1 Rh1+ 45. Ke2 Rh2+ 46.
Ke1 Rh1+ 1/2-1/2

[Event "Kieler Open 2019-A"]
[Site "Kiel"]
[Date "2019.07.27"]
[Round "2.15"]
[White "Ruhland, Cliff"]
[Black "Haffner, Alexander"]
[Result "1/2-1/2"]
[WhiteElo "1965"]
[BlackElo "2117"]
[Annotator "PS"]
[PlyCount "113"]
[EventDate "2019.??.??"]
[WhiteTeam "Itzehoer SV von 1923"]
[BlackTeam "SC Agon Neumünster"]

1. c4 Nf6 2. g3 g6 3. Bg2 Bg7 4. Nf3 O-O 5. O-O d6 6. Nc3 c6 7. d4 Nbd7 8. e4
Qc7 9. Re1 e5 10. d5 c5 11. a4 Nb8 12. Bd2 Bg4 13. h3 Bxf3 14. Bxf3 Na6 15. Na2
Qd7 16. Kg2 Ne8 17. Be2 f5 18. f3 Nf6 19. Bd3 fxe4 20. fxe4 Rf7 21. Rf1 Raf8
22. Qe2 Nc7 23. b4 cxb4 24. Nxb4 Nh5 25. Rxf7 Rxf7 26. a5 a6 27. Bc2 Qe7 28.
Nd3 Qf8 29. Bb4 Qd8 30. Qd2 Qf6 31. Kh2 Ne8 32. Qg2 Bh6 33. c5 dxc5 34. Bc3 Re7
35. Rf1 Qg5 36. Qf3 Nd6 37. h4 Qxg3+ 38. Qxg3 Nxg3 39. Kxg3 Nxe4+ 40. Kg2 Nxc3
41. Nxc5 Nb5 42. Ne4 Kg7 43. Ba4 Rf7 44. Bxb5 axb5 45. Rd1 Be3 46. d6 Rd7 47.
Rd5 Bd4 48. Rxb5 h6 49. Rb1 Kf7 50. Kf3 Ke6 51. Ke2 Rf7 52. Kd3 Rf3+ 53. Kc4
Rf4 54. Kd3 Rf7 55. Nc3 Ba7 56. Rd1 Bd4 57. Rb1 1/2-1/2

[Event "Kieler Open 2019-A"]
[Site "Kiel"]
[Date "2019.07.27"]
[Round "2.16"]
[White "Lebeda, Timo"]
[Black "Basey, Matthew"]
[Result "1/2-1/2"]
[WhiteElo "2107"]
[BlackElo "1852"]
[Annotator "PS"]
[PlyCount "55"]
[EventDate "2019.??.??"]
[WhiteTeam "SK Bebenhausen"]
[BlackTeam "Kieler SG"]

1. c4 c6 2. Nf3 d5 3. d4 Nf6 4. g3 dxc4 5. Qc2 Be6 6. Bg2 h6 7. O-O Nbd7 8. Rd1
Nb6 9. a4 a5 10. Ne5 Nfd5 11. e4 Nb4 12. Qe2 g6 13. Na3 Bg7 14. Naxc4 Nxc4 15.
Nxc4 Bxd4 16. Be3 c5 17. Ne5 Qb6 18. Bxd4 cxd4 19. Qd2 Rd8 20. Bf1 Kf8 21. h4
Kg7 22. Rac1 Rd6 23. Nc4 Bxc4 24. Rxc4 e5 25. h5 Rhd8 26. Kh2 Rc6 27. hxg6 fxg6
28. Rxc6 1/2-1/2

[Event "Kieler Open 2019-A"]
[Site "Kiel"]
[Date "2019.07.27"]
[Round "2.17"]
[White "Rosenburg, Thies"]
[Black "Köllner, Christof"]
[Result "0-1"]
[WhiteElo "1778"]
[BlackElo "2091"]
[Annotator "PS"]
[PlyCount "72"]
[EventDate "2019.??.??"]
[WhiteTeam "SF Burg von 1966"]
[BlackTeam "SV Bergneustadt/Dersch"]

1. c4 e5 2. Nc3 Nc6 3. g3 Bc5 4. Bg2 a6 5. e3 d6 6. Nge2 Ba7 7. a3 Bd7 8. b4
Qc8 9. Nd5 Nce7 10. h4 c6 11. Nxe7 Nxe7 12. Bb2 O-O 13. Rc1 Qc7 14. O-O Rad8
15. Qc2 Bf5 16. d3 f6 17. Kh2 Kh8 18. e4 Bg4 19. f3 Bc8 20. a4 f5 21. Rcd1 Ng8
22. Bc1 f4 23. Qd2 Qe7 24. Qe1 g5 25. hxg5 Qxg5 26. g4 h5 27. d4 hxg4 28. Rh1
Kg7 29. fxg4 Nf6 30. Kg1 Rh8 31. Rd3 Bxg4 32. c5 Rxh1+ 33. Kxh1 Qh5+ 34. Kg1
Bxe2 35. Rh3 Qg4 36. Kf2 Bc4 0-1

[Event "Kieler Open 2019-A"]
[Site "Kiel"]
[Date "2019.07.27"]
[Round "2.18"]
[White "Melamed, Tatjana"]
[Black "Grimm, Ling Leander"]
[Result "1-0"]
[WhiteElo "2351"]
[BlackElo "1691"]
[Annotator "PS"]
[PlyCount "63"]
[EventDate "2019.??.??"]
[WhiteTeam "SG Aufbau Elbe Magdeburg"]
[BlackTeam "SK Bebenhausen"]

1. e4 c5 2. Nf3 g6 3. c3 Nf6 4. e5 Nd5 5. d4 cxd4 6. Qxd4 Nb6 7. Qh4 d6 8. Bb5+
Bd7 9. Bxd7+ Qxd7 10. O-O dxe5 11. Nxe5 Qf5 12. Re1 N8d7 13. Nxd7 Nxd7 14. Na3
Rd8 15. Nc4 Nc5 16. Be3 b5 17. Bd4 bxc4 18. Bxh8 Nd3 19. Rf1 Nxb2 20. Bd4 Nd3
21. Be3 Ne5 22. h3 h5 23. Rad1 Rc8 24. Rfe1 Nd3 25. Re2 Bg7 26. Bd4 Ne5 27.
Rde1 Bf6 28. Qe4 Qxe4 29. Rxe4 Nd3 30. Bxf6 Nxe1 31. Rxe7+ Kf8 32. Rxe1 1-0

[Event "Kieler Open 2019-A"]
[Site "Kiel"]
[Date "2019.07.27"]
[Round "2.19"]
[White "Omert, Oliver"]
[Black "Voloshin, Leonid"]
[Result "0-1"]
[WhiteElo "1815"]
[BlackElo "2376"]
[Annotator "PS"]
[PlyCount "76"]
[EventDate "2019.??.??"]
[WhiteTeam "SK Bebenhausen"]
[BlackTeam "SG Speyer-Schwegenheim 2012"]

1. e4 c5 2. Nf3 g6 3. c4 Bg7 4. d4 cxd4 5. Nxd4 Nc6 6. Be3 Nf6 7. Nc3 d6 8. Be2
O-O 9. O-O Bd7 10. Qd2 Nxd4 11. Bxd4 Bc6 12. f3 Nd7 13. Bxg7 Kxg7 14. Qd4+ Kg8
15. Rac1 Qb6 16. Qxb6 Nxb6 17. b3 Rac8 18. f4 Kg7 19. Bf3 Rc7 20. g4 h6 21. h4
g5 22. hxg5 hxg5 23. Ne2 gxf4 24. Nxf4 Nd7 25. Nh5+ Kg8 26. Kg2 Ne5 27. Ng3 Bd7
28. Nf5 Bxf5 29. gxf5 Kg7 30. Be2 Nd7 31. Kf3 Rh8 32. Rh1 Rcc8 33. Ke3 Kf6 34.
Kd4 Rcg8 35. Rxh8 Rxh8 36. b4 Rh2 37. Rc2 Ne5 38. Bd3 Rh3 0-1

[Event "Kieler Open 2019-A"]
[Site "Kiel"]
[Date "2019.07.27"]
[Round "2.20"]
[White "Franz, Karsten"]
[Black "Rosenburg, Hauke"]
[Result "1-0"]
[WhiteElo "2219"]
[BlackElo "1925"]
[Annotator "PS"]
[PlyCount "113"]
[EventDate "2019.??.??"]
[WhiteTeam "SV Dresden-Leuben"]
[BlackTeam "SF Burg von 1966"]

1. Nf3 d5 2. g3 Nf6 3. Bg2 e6 4. d3 Be7 5. O-O O-O 6. Nbd2 b6 7. e4 dxe4 8.
dxe4 Bb7 9. Qe2 Nbd7 10. Rd1 Qc8 11. b3 c5 12. c4 Rd8 13. Bb2 Qc7 14. e5 Ne8
15. Ne4 Nf8 16. h4 Rxd1+ 17. Rxd1 Rd8 18. Nfg5 Rxd1+ 19. Qxd1 Bxg5 20. hxg5 Qd7
21. Qxd7 Nxd7 22. f4 Kf8 23. Kf2 Ke7 24. Ba3 Bxe4 25. Bxe4 g6 26. Ke3 a5 27.
Bc6 Nb8 28. Ba4 Nc7 29. Bc1 Nca6 30. a3 Kd8 31. Bd2 Ke7 32. Ke4 Nd7 33. g4 Nf8
34. Bb5 Nc7 35. Bc6 Nd7 36. b4 axb4 37. axb4 Nb8 38. Bb7 Kd7 39. bxc5 bxc5 40.
Ba5 Nba6 41. Bb6 Ke7 42. Ke3 Kf8 43. Kd2 Ke7 44. Kc3 Kd7 45. Kb3 Ke7 46. Ka4
Kd7 47. Ka5 Nb8 48. Bxc5 Nc6+ 49. Kb6 Nd8 50. Bf3 Ne8 51. Bd1 Nc7 52. Ba4+ Kc8
53. Bc6 Nxc6 54. Kxc6 Ne8 55. Bb6 Ng7 56. Kd6 Kb7 57. c5 1-0

[Event "Kieler Open 2019-A"]
[Site "Kiel"]
[Date "2019.07.27"]
[Round "2.21"]
[White "Pluska, Alexander"]
[Black "Karlisch, Moritz"]
[Result "1-0"]
[WhiteElo "2207"]
[BlackElo "1894"]
[Annotator "PS"]
[PlyCount "65"]
[EventDate "2019.??.??"]
[WhiteTeam "SK Doppelbauer Kiel"]
[BlackTeam "SK Doppelbauer Kiel"]

1. Nf3 Nf6 2. c4 c6 3. g3 d5 4. Bg2 e6 5. b3 Bd6 6. d4 O-O 7. O-O Nbd7 8. Nc3
Re8 9. Bg5 h6 10. Bf4 Bxf4 11. gxf4 Qa5 12. Qd2 b6 13. a3 Qa6 14. Ne5 Bb7 15.
b4 Nxe5 16. fxe5 Nd7 17. cxd5 cxd5 18. Rfc1 Rac8 19. Bf1 Ba8 20. e3 Qb7 21. Nb5
Qb8 22. Nd6 Rxc1 23. Rxc1 Rf8 24. f4 f6 25. Bh3 f5 26. Qg2 Qd8 27. Qg6 Qe7 28.
Rc7 a5 29. Nxf5 exf5 30. Bxf5 Qh4 31. Qh7+ Kf7 32. Rxd7+ Ke8 33. Qg6+ 1-0

[Event "Kieler Open 2019-A"]
[Site "Kiel"]
[Date "2019.07.27"]
[Round "2.22"]
[White "Glinzner, Alva"]
[Black "Wunder, Niklas"]
[Result "0-1"]
[WhiteElo "1941"]
[BlackElo "2095"]
[Annotator "PS"]
[PlyCount "68"]
[EventDate "2019.??.??"]
[WhiteTeam "Lübecker SV"]
[BlackTeam "Weiler/Allgäu"]

1. e4 e5 2. Nf3 Nc6 3. Bb5 Nf6 4. d3 Bc5 5. O-O Nd4 6. Bc4 Nxf3+ 7. Qxf3 O-O 8.
h3 d6 9. Bg5 h6 10. Be3 c6 11. Bxc5 dxc5 12. a4 b6 13. Na3 a6 14. Bb3 b5 15. c3
Qe7 16. Nc2 Be6 17. Bxe6 Qxe6 18. Ne3 g6 19. g4 Rfd8 20. Ng2 Kg7 21. Qe3 c4 22.
Ne1 Rd6 23. axb5 cxb5 24. f3 Rad8 25. Rd1 cxd3 26. Nxd3 Qb3 27. Rd2 Nd7 28.
Rfd1 Nb6 29. Qe2 Nc4 30. Kf2 Nxd2 31. Rxd2 Qc4 32. Ke3 a5 33. h4 a4 34. Rd1 a3
0-1

[Event "Kieler Open 2019-A"]
[Site "Kiel"]
[Date "2019.07.27"]
[Round "2.23"]
[White "Wendler, David"]
[Black "Papesch, Dennis"]
[Result "1-0"]
[WhiteElo "2094"]
[BlackElo "1880"]
[Annotator "PS"]
[PlyCount "65"]
[EventDate "2019.??.??"]
[WhiteTeam "SK Bebenhausen"]
[BlackTeam "Raisdorfer SG"]

1. e4 c6 2. d4 d5 3. exd5 cxd5 4. c4 Nc6 5. cxd5 Qxd5 6. Nf3 Bg4 7. Nc3 Qh5 8.
d5 Ne5 9. Bb5+ Nd7 10. Bxd7+ Bxd7 11. Qb3 Nf6 12. Qxb7 Rc8 13. Bg5 h6 14. Ne5
hxg5 15. Nxd7 Rd8 16. Nxf6+ exf6 17. Qc6+ Rd7 18. Qc8+ Rd8 19. Qc6+ Rd7 20. Kd2
Qh4 21. Rae1+ Be7 22. Rxe7+ Kxe7 23. Re1+ Kd8 24. Qa8+ Kc7 25. Qxa7+ Kc8 26.
Qa8+ Kc7 27. Nb5+ Kb6 28. Qc6+ Ka5 29. Qxd7 Qf4+ 30. Kd3 Rxh2 31. b4+ Qxb4 32.
Qa7+ Kxb5 33. a4+ 1-0

[Event "Kieler Open 2019-A"]
[Site "Kiel"]
[Date "2019.07.27"]
[Round "2.24"]
[White "Freiknecht, Axel"]
[Black "Röhr, Tobias"]
[Result "0-1"]
[WhiteElo "1733"]
[BlackElo "2054"]
[Annotator "PS"]
[PlyCount "50"]
[EventDate "2019.??.??"]
[WhiteTeam "Bahn-SC Wuppertal"]
[BlackTeam "SG Aufbau Elbe Magdeburg"]

1. Nf3 c5 2. c4 b6 3. g3 Bb7 4. Bg2 e6 5. O-O Be7 6. Nc3 Nf6 7. b3 O-O 8. Bb2
d5 9. e3 Nbd7 10. Qe2 e5 11. d4 exd4 12. exd4 dxc4 13. bxc4 cxd4 14. Nxd4 Bxg2
15. Kxg2 Bc5 16. Nf5 Re8 17. Qd2 h6 18. Nd5 Ne5 19. Qf4 Nxd5 20. cxd5 Qxd5+ 21.
f3 Ng6 22. Nxh6+ gxh6 23. Qf6 Re2+ 24. Kh1 Bf8 25. Rab1 Qd2 0-1

[Event "Kieler Open 2019-A"]
[Site "Kiel"]
[Date "2019.07.27"]
[Round "2.25"]
[White "Günther, Emil"]
[Black "Jurkic, Bosiljko"]
[Result "1-0"]
[WhiteElo "1743"]
[BlackElo "2046"]
[Annotator "PS"]
[PlyCount "57"]
[EventDate "2019.??.??"]
[WhiteTeam "SK Doppelbauer Kiel"]
[BlackTeam "SC Blauer Turm Bad Wimpfen"]

1. c4 Nf6 2. Nc3 e6 3. e4 d5 4. e5 Ne4 5. Nxe4 dxe4 6. Qc2 Bd7 7. Qxe4 Bc6 8.
Qe2 Bc5 9. Nf3 Bxf3 10. Qxf3 Nc6 11. Qe4 Bd4 12. f4 Qe7 13. g3 Qc5 14. Be2 Rd8
15. a3 a5 16. Rb1 Qb6 17. b3 O-O 18. Kf1 f6 19. exf6 Rxf6 20. Kg2 e5 21. d3
exf4 22. Bxf4 Rff8 23. Bh5 Qc5 24. Bg4 Be5 25. Rhf1 Rd4 26. Qe3 Bxf4 27. Rxf4
Rfxf4 28. gxf4 Qxa3 29. Qe8+ 1-0

[Event "Kieler Open 2019-A"]
[Site "Kiel"]
[Date "2019.07.27"]
[Round "2.26"]
[White "Berenstein, Alexander"]
[Black "Rouditser, Benjamin"]
[Result "1-0"]
[WhiteElo "1972"]
[BlackElo "1815"]
[Annotator "PS"]
[PlyCount "131"]
[EventDate "2019.??.??"]
[WhiteTeam "SV VHS Rendsburg"]
[BlackTeam "Lasker Steglitz"]

1. e4 c6 2. d4 d5 3. Nc3 dxe4 4. Nxe4 Bf5 5. Ng3 Bg6 6. Nf3 Nd7 7. Bc4 e6 8.
O-O Ngf6 9. a4 Be7 10. c3 a5 11. Qe2 O-O 12. Nh4 Nb6 13. Nxg6 hxg6 14. Bb3 c5
15. Rd1 Qc7 16. Bg5 Nfd5 17. Bxe7 Qxe7 18. Ne4 cxd4 19. Rxd4 Nf4 20. Qb5 Qc7
21. g3 Nfd5 22. Rad1 Qc6 23. Qe2 Nf6 24. Nxf6+ gxf6 25. Rd6 Qc5 26. Qb5 Qxb5
27. axb5 Nc8 28. Rd7 a4 29. Ba2 a3 30. b4 Nb6 31. Rxb7 Nd5 32. Bxd5 exd5 33. b6
Rfb8 34. Rxb8+ Rxb8 35. Rxd5 Rxb6 36. Ra5 Kf8 37. Rxa3 Ke7 38. Kf1 Ke6 39. Ke2
Rd6 40. Ra5 Rc6 41. Kd3 Rd6+ 42. Kc2 g5 43. f4 gxf4 44. gxf4 Rd8 45. f5+ Kd6
46. Kb3 Rh8 47. Ra2 Rh5 48. Rf2 Kc6 49. c4 Rh3+ 50. Ka4 Rh4 51. c5 Rh5 52. Rc2
Rxf5 53. b5+ Kb7 54. Ka5 Rf1 55. c6+ Kc7 56. b6+ Kc8 57. Kb5 Rf5+ 58. Ka6 Rf3
59. Ra2 Rc3 60. b7+ Kc7 61. Ka7 Rb3 62. Ka8 f5 63. Ra7 Kxc6 64. b8=Q Rxb8+ 65.
Kxb8 Kd5 66. Rxf7 1-0

[Event "Kieler Open 2019-A"]
[Site "Kiel"]
[Date "2019.07.27"]
[Round "2.27"]
[White "Friedel, Marcus"]
[Black "Hoppe, Marc"]
[Result "1-0"]
[WhiteElo "2162"]
[BlackElo "1644"]
[Annotator "PS"]
[PlyCount "69"]
[EventDate "2019.??.??"]
[WhiteTeam "SK 1926 Ettlingen"]
[BlackTeam "SF Olfen 1975"]

1. c4 e5 2. g3 Nc6 3. Bg2 Bc5 4. Nc3 Nf6 5. a3 a6 6. e3 d5 7. Nxd5 Be6 8. Nxf6+
Qxf6 9. d3 Rd8 10. Qe2 O-O 11. Bxc6 bxc6 12. b4 Be7 13. c5 a5 14. Bb2 axb4 15.
axb4 Rb8 16. Bc3 Ra8 17. Qb2 Qf5 18. e4 Qg5 19. Bxe5 Bf6 20. Bxf6 Qxf6 21. Qxf6
gxf6 22. Rb1 Rfd8 23. Ke2 Ra2+ 24. Ke3 Ra3 25. Rd1 Bc4 26. Nf3 Raxd3+ 27. Rxd3
Rxd3+ 28. Kf4 Rb3 29. Rd1 Rxb4 30. Rd4 Ra4 31. Nh4 Bb5 32. Rd8+ Kg7 33. Nf5+
Kg6 34. Rg8+ Kh5 35. g4# 1-0

[Event "Kieler Open 2019-A"]
[Site "Kiel"]
[Date "2019.07.27"]
[Round "2.28"]
[White "Olde, Henning"]
[Black "Besenthal, Klaus-Günther"]
[Result "0-1"]
[WhiteElo "1788"]
[BlackElo "2070"]
[Annotator "PS"]
[PlyCount "44"]
[EventDate "2019.??.??"]
[WhiteTeam "SK Kollmar"]
[BlackTeam "SC Schachelschweine"]

1. f4 g6 2. Nf3 Bg7 3. e3 d6 4. Bc4 Nf6 5. c3 O-O 6. O-O Nc6 7. d4 Bf5 8. Bd3
Bxd3 9. Qxd3 e5 10. Nbd2 Re8 11. Ne4 Nxe4 12. Qxe4 exd4 13. Qd3 dxc3 14. bxc3
Qe7 15. Bd2 Rab8 16. Rab1 Qe4 17. Qe2 h6 18. Qd1 Bxc3 19. Rb3 Bg7 20. Qe1 d5
21. f5 Qxf5 22. Nd4 Qd7 0-1

[Event "Kieler Open 2019-A"]
[Site "Kiel"]
[Date "2019.07.27"]
[Round "2.29"]
[White "Quiring, Nikolai"]
[Black "Srimathi Raajesh"]
[Result "1/2-1/2"]
[WhiteElo "2018"]
[BlackElo "1832"]
[Annotator "PS"]
[PlyCount "48"]
[EventDate "2019.??.??"]
[WhiteTeam "SV VHS Rendsburg"]

1. d4 Nf6 2. c4 e6 3. Nc3 Bb4 4. Qc2 O-O 5. e4 d6 6. a3 Bxc3+ 7. bxc3 e5 8. Bd3
Re8 9. Ne2 Nbd7 10. f3 Nf8 11. Be3 b6 12. O-O Ng6 13. Rae1 Bb7 14. d5 a5 15.
Bg5 h6 16. Bc1 Ba6 17. g4 Nd7 18. Ng3 Nc5 19. Nf5 Nxd3 20. Qxd3 Qd7 21. Rf2 Qa4
22. f4 Qxc4 23. Qh3 exf4 24. Nd4 Ne5 1/2-1/2

[Event "Kieler Open 2019-A"]
[Site "Kiel"]
[Date "2019.07.27"]
[Round "2.30"]
[White "Wendler, Werner"]
[Black "Bücker, Timo"]
[Result "1-0"]
[WhiteElo "1954"]
[BlackElo "1778"]
[Annotator "PS"]
[PlyCount "51"]
[EventDate "2019.??.??"]
[WhiteTeam "SK Bebenhausen"]
[BlackTeam "SC Schleispringer Kappeln"]

1. d4 Nc6 2. d5 Ne5 3. e4 Nf6 4. f4 Ng6 5. e5 Ng8 6. Nf3 e6 7. Nc3 Bb4 8. Bc4
N8e7 9. O-O Bxc3 10. bxc3 Nxd5 11. Bxd5 exd5 12. f5 Nh4 13. Ng5 h6 14. Nxf7
Kxf7 15. Qh5+ Kg8 16. f6 g5 17. Bxg5 hxg5 18. Qxg5+ Kf7 19. Qg7+ Ke6 20. f7 Nf5
21. Rxf5 Kxf5 22. Rf1+ Ke4 23. Qg6+ Kxe5 24. Re1+ Kf4 25. g3+ Kf3 26. Qf5# 1-0

[Event "Kieler Open 2019-A"]
[Site "Kiel"]
[Date "2019.07.27"]
[Round "2.31"]
[White "Gehlsen, René"]
[Black "Röhr, Oliver"]
[Result "0-1"]
[WhiteElo "1715"]
[BlackElo "1948"]
[Annotator "PS"]
[PlyCount "72"]
[EventDate "2019.??.??"]
[WhiteTeam "SV VHS Heide"]
[BlackTeam "SG Aufbau Elbe Magdeburg"]

1. d4 Nf6 2. Nf3 d5 3. e3 e6 4. Nbd2 Bd6 5. Bd3 O-O 6. O-O c5 7. b3 Nbd7 8. Bb2
b6 9. Ne5 Bb7 10. f4 Ne4 11. Nxe4 dxe4 12. Bc4 cxd4 13. Bxd4 Nxe5 14. fxe5 Bc5
15. c3 Bd5 16. Ba6 Qg5 17. Qe2 Rfd8 18. b4 Bxd4 19. exd4 f6 20. exf6 gxf6 21.
c4 Bc6 22. Rad1 f5 23. b5 Be8 24. Qf2 e3 25. Qf4 Qxf4 26. Rxf4 e5 27. Rxf5 exd4
28. Re5 e2 29. Rxe2 Bh5 30. Red2 Bxd1 31. Rxd1 Rd7 32. a4 Rad8 33. a5 Rc7 34.
axb6 axb6 35. c5 Rxc5 36. Bb7 Rxb5 0-1

[Event "Kieler Open 2019-A"]
[Site "Kiel"]
[Date "2019.07.27"]
[Round "2.32"]
[White "Lawrenz, Sebastian"]
[Black "Schwerdt, Alwin Elias"]
[Result "1-0"]
[WhiteElo "1924"]
[BlackElo "1756"]
[Annotator "PS"]
[PlyCount "89"]
[EventDate "2019.??.??"]
[WhiteTeam "SC Zitadelle Spandau"]
[BlackTeam "SV Bad Schwartau"]

1. e4 e5 2. Nf3 Nc6 3. Bb5 a6 4. Ba4 Nf6 5. O-O b5 6. Bb3 d6 7. Re1 Bg4 8. d3
Nd4 9. Nbd2 Be7 10. c3 Ne6 11. h3 Bh5 12. Nf1 Bg6 13. Ng3 h6 14. Nh4 Bh7 15.
Nhf5 Bxf5 16. Nxf5 Kf8 17. Qf3 Nc5 18. Bc2 Ng8 19. d4 Nd7 20. Bb3 Bf6 21. Be3
g6 22. Ng3 Qe7 23. Rad1 Bg7 24. Qe2 Ngf6 25. f4 Rc8 26. Qf3 c5 27. fxe5 dxe5
28. dxc5 Nxc5 29. Bxc5 Qxc5+ 30. Kh1 Ke7 31. Nf1 Rhd8 32. Ne3 Rd6 33. Rxd6 Qxd6
34. Rd1 Qb6 35. Nd5+ Nxd5 36. Rxd5 Rf8 37. Qd3 Qc7 38. a4 f5 39. axb5 axb5 40.
Rxb5 Rd8 41. Bd5 Qa7 42. exf5 g5 43. f6+ Kxf6 44. Qf3+ Kg6 45. Be4# 1-0

[Event "Kieler Open 2019-A"]
[Site "Kiel"]
[Date "2019.07.27"]
[Round "2.33"]
[White "Salwasser, Christian"]
[Black "Boyens, Birger"]
[Result "0-1"]
[WhiteElo "1697"]
[BlackElo "1918"]
[Annotator "PS"]
[PlyCount "54"]
[EventDate "2019.??.??"]
[WhiteTeam "SC Rastatt"]
[BlackTeam "Husumer SV von 1898"]

1. e4 c5 2. Nf3 Nc6 3. d4 cxd4 4. Nxd4 Nf6 5. Nc3 e5 6. Nb3 Bb4 7. f3 d5 8.
exd5 Nxd5 9. Bd2 Bxc3 10. bxc3 O-O 11. Bd3 Qh4+ 12. g3 Qh3 13. Qe2 a6 14. O-O-O
Qe6 15. Nc5 Qd6 16. Ne4 Qa3+ 17. Kb1 Be6 18. Bc4 a5 19. f4 Ra6 20. Ka1 Rb6 21.
Rb1 Rd8 22. Rxb6 Nxb6 23. Bxe6 fxe6 24. Rb1 Na4 25. Rxb7 Nb4 26. Rxg7+ Kxg7 27.
Qg4+ Kh8 0-1